000
00321nam a2200133Ia 4500
008
191201s2008 xx 000 0 und d
082
_a
621.38214
_b
HAE
100
_a
HAYT, William H
245
0
_a
Engineering Electromagnetics
260
_a
N.Delhi
_b
TMH
_c
2008
300
_a
582
650
_a
B.Tech(ECE)
942
_2
ddc
_c
BK
999
_c
3894
_d
3894